[Event "Kaluga Tsiolkovsky Memorial op"]
[Site "Kaluga"]
[Date "2016.08.09"]
[Round "4"]
[White "Litvinova, Evgenia"]
[Black "Trusov, Boris"]
[Result "1/2-1/2"]
[WhiteElo "1666"]
[BlackElo "1851"]
[PlyCount "84"]
[EventDate "2016.08.06"]
[EventType "swiss"]
[EventRounds "9"]
[EventCountry "RUS"]
[SourceTitle "CBM 174 Extra"]
[Source "ChessBase"]
[SourceDate "2016.10.10"]
[SourceVersion "1"]
[SourceVersionDate "2016.10.10"]
[SourceQuality "1"]

1. Nf3 Nf6 2. g3 d5 3. d4 c5 4. Bg2 Nc6 5. 0-0 cxd4 6. Nxd4 e5 7. Nxc6 bxc6 8. c4 Be6 9. Qa4 Bd7 10. Qc2 Qa5 11. b3 Rc8 12. Nd2 Bd6 13. Bb2 0-0 14. a3 Rfe8 15. b4 Qd8 16. c5 Bf8 17. e3 a5 18. Nf3 Qc7 19. Nd2 Rb8 20. Bc3 axb4 21. axb4 Bg4 22. f3 Be6 23. Ra4 Nd7 24. Rfa1 g6 25. Ra7 Rb7 26. Ra8 Reb8 27. R1a5 Rxa8 28. Rxa8 Ra7 29. Rxa7 Qxa7 30. Qb2 Qa4 31. Bf1 f6 32. Be2 Kf7 33. f4 Bg7 34. Kf2 Bf5 35. Qb3 Qxb3 36. Nxb3 Bc2 37. Na5 Ba4 38. Ba6 Ke6 39. Bc8 Ke7 40. Nb7 Bb5 41. Nd6 Bd3 42. Bb7 Nb8 1/2-1/2

[Event "Kaluga Tsiolkovsky Memorial op"]
[Site "Kaluga"]
[Date "2012.08.05"]
[Round "6"]
[White "Trusov, Boris"]
[Black "Pavlov, Alexander"]
[Result "1-0"]
[WhiteElo "1924"]
[BlackElo "1751"]
[PlyCount "77"]
[EventDate "2012.07.30"]
[EventType "swiss"]
[EventRounds "9"]
[EventCountry "RUS"]
[SourceTitle "EXT 2014"]
[Source "ChessBase"]
[SourceDate "2013.11.20"]
[SourceVersion "1"]
[SourceVersionDate "2013.11.20"]
[SourceQuality "1"]

1. d4 g6 2. c4 Nf6 3. Nc3 Bg7 4. e4 d6 5. h3 0-0 6. Nf3 Na6 7. Be2 c5 8. Be3 Qa5 9. 0-0 Nb4 10. Qd2 Rd8 11. d5 Bd7 12. Nh2 a6 13. a3 Nc6 14. dxc6 bxc6 15. f4 Qc7 16. Rad1 Rab8 17. Ng4 Rb3 18. e5 Ne8 19. exd6 exd6 20. Na4 Rdb8 21. f5 gxf5 22. Nh6+ Kf8 23. Nxf5 Bxf5 24. Rxf5 Qe7 25. Bh6 Qe6 26. Bxg7+ Nxg7 27. Rf2 Ne8 28. Qf4 R8b7 29. Bf3 Rc7 30. Bg4 Qg6 31. Bf5 Qg7 32. Re2 Qf6 33. Qe4 Rb8 34. Bxh7 Ng7 35. Qd3 Rd7 36. Nxc5 Rdd8 37. Na4 Ne6 38. Rf1 Qg5 39. Rxe6 1-0